Name the Japanese brands by logos - Statistics

General Stats
  • This quiz has been taken 42 times
  • The average score is 11 of 16
Answer Stats
Picture Hint Answer % Correct
Car Manufacturer Toyota
100%
Car Manufacturer Honda
97%
Entertainment Hello Kitty
92%
Car Manufacturer Subaru
86%
Footwear Asics
84%
Video Game Company Nintendo
84%
Car Manufacturer Nissan
84%
Mobility Manufacturer Mitsubishi
81%
Mobility Manufacturer Suzuki
78%
Musical Instruments & Bike Manufacturer Yamaha
78%
Garment Company Uni qlo
73%
Airline Company Japan Airlines
70%
Garment Company Comme des Garcons
27%
Commerce Company Kuroneko Yamato
22%
Software Distributor Softbank
14%
Entertainment & Production Toho Animation
5%
No matching quizzes found
Score Distribution
Percent of People with Each Score
Percentile by Number Answered
Your Score History
You have not taken this quiz